Informe de desarrollo humano Colombia 2000 / (Registro nro. 6672)
[ vista simple ]
| 000 -LEADER | |
|---|---|
| fixed length control field | 01008nam a2200241Ia 4500 |
| 003 - CONTROL NUMBER IDENTIFIER | |
| control field | OSt |
| 005 - DATE AND TIME OF LATEST TRANSACTION | |
| control field | 20200416140649.0 |
| 008 - FIXED-LENGTH DATA ELEMENTS--GENERAL INFORMATION | |
| fixed length control field | 191128s2001 ck a gr 000 0dspa d |
| 020 ## - INTERNATIONAL STANDARD BOOK NUMBER | |
| International Standard Book Number | 958685277X |
| 040 ## - CATALOGING SOURCE | |
| Original cataloging agency | CO-JMCR |
| Transcribing agency | CO-JMCR |
| 041 0# - LANGUAGE CODE | |
| Language code of text/sound track or separate title | spa |
| 082 04 - DEWEY DECIMAL CLASSIFICATION NUMBER | |
| Classification number | 303.44 / |
| Item number | D266i |
| 110 2# - MAIN ENTRY--CORPORATE NAME | |
| Corporate name or jurisdiction name as entry element | Departamento Nacional de Planeación |
| Relator term | autor |
| 9 (RLIN) | 1612 |
| 245 20 - TITLE STATEMENT | |
| Title | Informe de desarrollo humano Colombia 2000 / |
| Statement of responsibility, etc. | Departamento Nacional de Planeación |
| 250 ## - EDITION STATEMENT | |
| Edition statement | Primera edición |
| 260 ## - PUBLICATION, DISTRIBUTION, ETC. | |
| Place of publication, distribution, etc. | Bogotá : |
| Name of publisher, distributor, etc. | Alfomega, |
| Date of publication, distribution, etc. | 2001 |
| 300 ## - PHYSICAL DESCRIPTION | |
| Extent | xvi, 215 páginas : |
| Other physical details | ilustraciones ; |
| Dimensions | 28 cm. |
| 504 ## - BIBLIOGRAPHY, ETC. NOTE | |
| Bibliography, etc. note | Bibliografía: páginas 209-215. |
| 505 ## - FORMATTED CONTENTS NOTE | |
| Formatted contents note | Del individualismo a la sociedad global -- El desarrollo humano y los derechos humanos -- El desarrollo humano en Colombia -- La violación de los derechos humanos en la actual coyuntura -- Los derechos constitucionales: Derechos económicos |
| 650 14 - SUBJECT ADDED ENTRY--TOPICAL TERM | |
| Topical term or geographic name entry element | Desarrollo social |
| 9 (RLIN) | 1953 |
| 650 24 - SUBJECT ADDED ENTRY--TOPICAL TERM | |
| Topical term or geographic name entry element | Informes de actividades Desarrollo humano |
| 9 (RLIN) | 3134 |
| 942 ## - ADDED ENTRY ELEMENTS (KOHA) | |
| Source of classification or shelving scheme | Dewey Decimal Classification |
| Koha item type | Books |
| Withdrawn status | Lost status | Source of classification or shelving scheme | Damaged status | Not for loan | Home library | Current library | Shelving location | Date acquired | Source of acquisition | Cost, normal purchase price | Total Checkouts | Full call number | Barcode | Date last seen | Copy number | Price effective from | Koha item type |
|---|---|---|---|---|---|---|---|---|---|---|---|---|---|---|---|---|---|
| Dewey Decimal Classification | Biblioteca Pública José María del Castillo y Rada | Biblioteca Pública José María del Castillo y Rada | General Stacks | 04/05/2018 | Donación | 0.00 | 303.44 / D266i | 430001090 | 05/16/2024 | Ej.3 | 04/16/2020 | Books |